Statistics for Disney Princess Quiz

Click here to take the quiz!

General Stats

  • This quiz has been taken 1,329 times
  • The average score is 12 of 20

Answer Stats

HintAnswer% Correct
who was the first princesssnow white
95%
how many dwarfs are thereseven
91%
true or false cinderella is the most popular princesstrue
91%
who is the second princesscinderella
89%
disguised herself as a boymulan
83%
true or false tiana was the only princess born in americafalse
82%
which princess was not born humanariel
79%
first African american princesstiana
76%
how many princesses have woman as their enemy2
69%
snow white was how old when she got married14
66%
the only princess with visible tatoosPocahontas
54%
who was the third princesssleeping beauty
53%
who is the only princess with green eyesrapunzel
52%
how many princess were saved by true loves kisstwo
52%
belle is french forbeautiful
49%
how many princess are there11
48%
was the first to marry a pauperjasmine
47%
the color purple is often said to be the color of whatroyalty
24%
Ariel,Belle, and Jasmine have nearly whatdrowned
3%
mulan means what in Chinesemagnolia blossom
2%

Score Distribution

Percentile by Number Answered

Percent of People with Each Score

Your Score History

You have not taken this quiz